| 000 | 00800nam a2200229 a 4500 | ||
|---|---|---|---|
| 001 | 2356 | ||
| 003 | CDMR | ||
| 005 | 20131202171312.0 | ||
| 008 | 130130s1987||||||||||||||||||||||||||||d | ||
| 020 | _a8486094229 | ||
| 040 |
_aCDMR _bcat _cCDMR |
||
| 100 | 1 |
_aCastilla, Adolfo _91761 |
|
| 245 | 1 | 3 |
_aLa sociedad española ante las nuevas tecnologías _b: actitudes y grados de receptividad _cAdolfo Castilla, Mª Cruz Alonso y José Antonio Díaz |
| 260 |
_aMadrid _c1987 _bFUNDESCO |
||
| 300 | _a169 p. | ||
| 490 | 0 |
_aLos Libros de Fundesco. _aEstudios y Documentos |
|
| 650 | 0 | 4 |
_93508 _aTecnologia de la informació _zEspanya _xAspectes socials |
| 650 | 0 | 4 |
_94072 _aHistòria social |
| 700 | 1 |
_94281 _aAlonso Antolín, María Cruz |
|
| 700 | 1 |
_94284 _aDíaz Martínez, José Antonio |
|
| 942 |
_cMON _2udc |
||
| 999 |
_c2356 _d2356 |
||